000
00323nam a22001457a 4500
008
210312b ||||| |||| 00| 0 eng d
020
_a
0721665039
041
_a
eng
080
_a
615.83
082
_a
615.83
100
_a
8
101
_a
EGZ
245
_a
Physical Therapy for Children
_c
Campbell,K.S
942
_2
udc
_c
BK
999
_c
56483
_d
56483